[Event "XXIX Festival Isola d'Elba A"]
[Site "Capoliveri ITA"]
[Date "2011.05.07"]
[Round "1"]
[White "Facchetti, Gianni"]
[Black "Istratescu, Andrei"]
[Result "0-1"]
[WhiteElo "2098"]
[BlackElo "2623"]
[PlyCount "88"]
[EventDate "2011.05.07"]

1. e4 c5 2. Nf3 d6 3. d4 cxd4 4. Qxd4 a6 5. Be3 Nc6 6. Qd2 Nf6 7. Nc3 e6 8. a4
Be7 9. Be2 O-O 10. O-O Qc7 11. Nd4 Ne5 12. a5 Bd7 13. f3 Rac8 14. Na4 Bxa4 15.
Rxa4 d5 16. exd5 Nxd5 17. Bf2 Rfd8 18. c3 h6 19. g3 Nd7 20. Raa1 Nc5 21. Qc2 h5
22. f4 Nf6 23. Bf3 Ng4 24. Qe2 Nxf2 25. Kxf2 Bf6 26. Rfd1 g6 27. b4 Bxd4+ 28.
Rxd4 Nb3 29. Rxd8+ Rxd8 30. Rd1 Rxd1 31. Qxd1 Qxc3 32. Bxb7 Qxb4 33. Qd8+ Kg7
34. Bxa6 Qc5+ 35. Kf1 Nxa5 36. Bd3 Nc6 37. Qd7 Nd4 38. Kg2 Qc3 39. Be4 Qe3 40.
Qb7 Qe2+ 41. Kg1 h4 42. Qb1 h3 43. Bb7 Nf3+ 44. Bxf3 Qe3+ 0-1

[Event "XXIX Festival Isola d'Elba A"]
[Site "Capoliveri ITA"]
[Date "2011.05.07"]
[Round "1"]
[White "Naumkin, Igor"]
[Black "Arigoni, Bruno"]
[Result "1-0"]
[WhiteElo "2506"]
[BlackElo "2071"]
[PlyCount "71"]
[EventDate "2011.05.07"]

1. d4 d5 2. c4 e6 3. Nf3 Nf6 4. Bg5 c6 5. Bxf6 Qxf6 6. e3 Bd6 7. Nc3 O-O 8. Bd3
Nd7 9. O-O Qh6 10. Qc2 g6 11. cxd5 exd5 12. e4 dxe4 13. Nxe4 Bb8 14. Rfe1 Kg7
15. Qc3 f6 16. Bc4 Nb6 17. d5 Na4 18. Qb4 Bg4 19. Qxb7+ Kh8 20. d6 Nb6 21. Qxc6
Bxf3 22. gxf3 Rc8 23. Ng3 Bxd6 24. Qxd6 Nxc4 25. Qxf6+ Qg7 26. Qxg7+ Kxg7 27.
Re7+ Kh6 28. Rd1 Nxb2 29. Rdd7 Rh8 30. f4 a5 31. Ne4 Raf8 32. Ng5 Kh5 33. Ne6
Rf6 34. h3 h6 35. Kg2 Kh4 36. Rd4 1-0

[Event "XXIX Festival Isola d'Elba A"]
[Site "Capoliveri ITA"]
[Date "2011.05.07"]
[Round "1"]
[White "Guerrini, Donato"]
[Black "Laketic, Gojko"]
[Result "0-1"]
[WhiteElo "2011"]
[BlackElo "2442"]
[PlyCount "63"]
[EventDate "2011.05.07"]

1. Nf3 d5 2. g3 c5 3. c4 d4 4. b4 cxb4 5. a3 bxa3 6. Bxa3 g6 7. d3 Bg7 8. Nbd2
Nc6 9. Bg2 Nf6 10. O-O O-O 11. Qa4 Qc7 12. Rfb1 Rd8 13. Bc5 Nd7 14. Nb3 Rb8 15.
Nfd2 a6 16. Ne4 b5 17. cxb5 axb5 18. Qa3 Nb6 19. Rc1 Na4 20. Bxe7 Qxe7 21. Rxc6
Qxa3 22. Rxa3 Nc3 23. Bf3 Bb7 24. Rc7 Nd5 25. Rc1 Nc3 26. Ra7 Bd5 27. Nbd2 b4
28. Kf1 b3 29. Nb1 b2 30. Re1 Bxe4 31. Bxe4 Nxb1 32. Rxb1 0-1

[Event "XXIX Festival Isola d'Elba A"]
[Site "Capoliveri ITA"]
[Date "2011.05.07"]
[Round "1"]
[White "Bellia, Fabrizio"]
[Black "Albanesi, Roberto"]
[Result "1-0"]
[WhiteElo "2415"]
[BlackElo "1980"]
[PlyCount "101"]
[EventDate "2011.05.07"]

1. e4 c5 2. Nf3 d6 3. d4 cxd4 4. Nxd4 Nf6 5. Nc3 a6 6. Bc4 e6 7. O-O Be7 8. Bb3
Nc6 9. Nxc6 bxc6 10. f4 d5 11. e5 Nd7 12. Qg4 g6 13. Be3 c5 14. Nd1 h5 15. Qf3
Rb8 16. c3 Bb7 17. Qh3 O-O 18. Bc2 Qc7 19. b3 Kg7 20. Bf2 Qc6 21. Bh4 Bxh4 22.
Qxh4 f5 23. Rf3 Rf7 24. Rg3 Rh8 25. Nf2 Qc8 26. Bd1 Qd8 27. Rg5 Kf8 28. Bf3 Ke8
29. Nd3 Nf8 30. Nxc5 Bc8 31. Qf2 Qb6 32. b4 a5 33. a3 Ra7 34. Bd1 Kf7 35. Rg3
Nd7 36. Ba4 Nxc5 37. bxc5 Qc7 38. c6 Ba6 39. Rb1 Rb8 40. Rxb8 Qxb8 41. h3 Rc7
42. Re3 Bb5 43. Bxb5 Qxb5 44. Qh4 Rxc6 45. Qf6+ Ke8 46. Qxg6+ Kd7 47. Qf7+ Kd8
48. Rg3 Qc5+ 49. Kh2 Qe7 50. Rg8+ Kd7 51. Qf6 1-0

[Event "XXIX Festival Isola d'Elba A"]
[Site "Capoliveri ITA"]
[Date "2011.05.07"]
[Round "1"]
[White "Ricci, Alfredo"]
[Black "Gromovs, Sergejs"]
[Result "0-1"]
[WhiteElo "1946"]
[BlackElo "2311"]
[PlyCount "64"]
[EventDate "2011.05.07"]

1. e4 c5 2. Nf3 d6 3. d4 cxd4 4. Nxd4 Nf6 5. Bd3 a6 6. O-O e5 7. Nf3 Bg4 8. c4
Nc6 9. h3 Bh5 10. Nc3 Be7 11. Be3 O-O 12. Rc1 h6 13. Nd5 Nd7 14. g4 Bg6 15. b4
Bf6 16. Qd2 Nd4 17. Nxd4 exd4 18. Bf4 Ne5 19. f3 Re8 20. Kg2 Rc8 21. Rfe1 Bh4
22. Bf1 Bxe1 23. Qxe1 h5 24. Qd2 hxg4 25. hxg4 b5 26. Bxe5 Rxe5 27. Qf4 a5 28.
a3 axb4 29. axb4 Ra8 30. c5 Qh4 31. Rc2 Rxd5 32. Bxb5 Rh5 0-1

[Event "XXIX Festival Isola d'Elba A"]
[Site "Capoliveri ITA"]
[Date "2011.05.07"]
[Round "1"]
[White "Dittmar, Peter"]
[Black "Blasco, Domenico"]
[Result "1-0"]
[WhiteElo "2307"]
[BlackElo "1939"]
[PlyCount "123"]
[EventDate "2011.05.07"]

1. e4 g6 2. d4 Bg7 3. Nf3 d6 4. Nc3 a6 5. a4 b6 6. Bc4 e6 7. Bg5 Ne7 8. O-O h6
9. Be3 O-O 10. Qe2 Nd7 11. Rad1 Bb7 12. Rfe1 d5 13. exd5 exd5 14. Bd3 Re8 15.
Bf4 c5 16. Bd6 Nc6 17. Qxe8+ Qxe8 18. Rxe8+ Rxe8 19. dxc5 Bxc3 20. bxc3 Nxc5
21. Bxc5 bxc5 22. Rb1 Re7 23. Rb6 c4 24. Bf1 g5 25. h3 Kf8 26. g3 Ke8 27. Bg2
Kd8 28. Rb1 Kc7 29. Rd1 Kd6 30. Nh2 Ne5 31. Nf1 Kc5 32. Ne3 Rd7 33. Rd4 Bc6 34.
a5 Ng6 35. Rd1 Ne7 36. Ng4 h5 37. Ne5 Rb7 38. Nxf7 Rb5 39. Re1 Nc8 40. Nxg5
Rxa5 41. Ne6+ Kd6 42. Nd4 Bd7 43. f4 Ne7 44. Bf3 Ra3 45. g4 hxg4 46. hxg4 Ng6
47. Ne2 Nh4 48. Kf2 Ba4 49. Rc1 Ra2 50. Nd4 Ra3 51. Bd1 Bd7 52. Kg3 Ng6 53. Ne2
a5 54. f5 Ne5 55. Kf4 d4 56. Ng3 Rxc3 57. Ne4+ Kd5 58. Nxc3+ dxc3 59. Be2 Kd4
60. Rd1+ Nd3+ 61. Bxd3 cxd3 62. Rxd3+ 1-0

[Event "XXIX Festival Isola d'Elba A"]
[Site "Capoliveri ITA"]
[Date "2011.05.07"]
[Round "1"]
[White "Fantana, Marin-Dumitru"]
[Black "Friedrich, Norbert"]
[Result "0-1"]
[WhiteElo "1914"]
[BlackElo "2305"]
[PlyCount "66"]
[EventDate "2011.05.07"]

1. e4 c5 2. Nf3 e6 3. d4 cxd4 4. Nxd4 a6 5. Nc3 Qc7 6. Bd3 Nf6 7. O-O Bc5 8.
Nb3 Be7 9. f4 d6 10. Qe2 Nbd7 11. Be3 b5 12. a3 Bb7 13. Rae1 O-O 14. g4 d5 15.
g5 Nxe4 16. Qh5 g6 17. Qh6 Rfe8 18. Bxe4 dxe4 19. Bd4 Bf8 20. Qh4 Bg7 21. Bxg7
Kxg7 22. Qh6+ Kh8 23. Re3 Qb6 24. Rfe1 e5 25. Qh4 exf4 26. Qxf4 Re5 27. h4 Rf5
28. Qh2 Ne5 29. Nd2 Rd8 30. Ncb1 Ng4 31. Qe2 Rf3 32. Nf1 Nxe3 33. Nxe3 Rxe3 0-1

[Event "XXIX Festival Isola d'Elba A"]
[Site "Capoliveri ITA"]
[Date "2011.05.07"]
[Round "1"]
[White "Schaefer, Michael"]
[Black "Kopischke, Maik"]
[Result "1-0"]
[WhiteElo "2248"]
[BlackElo "1890"]
[PlyCount "65"]
[EventDate "2011.05.07"]

1. d4 Nf6 2. c4 c5 3. e3 cxd4 4. exd4 g6 5. Nc3 Bg7 6. Nf3 O-O 7. Be2 d5 8. O-O
Nc6 9. Re1 a6 10. c5 Re8 11. Bf4 Nh5 12. Bg5 h6 13. Be3 Nf6 14. Na4 Qc7 15. Nb6
Rb8 16. Qd2 g5 17. h4 Ne4 18. Qc1 e5 19. dxe5 g4 20. Nd2 Qxe5 21. Nxe4 Qxe4 22.
Bxh6 g3 23. fxg3 Nd4 24. Bxg7 Nxe2+ 25. Rxe2 Qxe2 26. Qh6 Qe3+ 27. Qxe3 Rxe3
28. Bh6 Re6 29. Bf4 Rxb6 30. cxb6 Ra8 31. Rc1 Bd7 32. Rc7 Bc6 33. Rxc6 1-0

[Event "XXIX Festival Isola d'Elba A"]
[Site "Capoliveri ITA"]
[Date "2011.05.07"]
[Round "1"]
[White "Simeone, Giulio"]
[Black "Evangelisti, Claudio R."]
[Result "0-1"]
[WhiteElo "1869"]
[BlackElo "2243"]
[PlyCount "72"]
[EventDate "2011.05.07"]

1. c4 Nf6 2. Nc3 e6 3. e4 d5 4. e5 d4 5. exf6 dxc3 6. fxg7 cxd2+ 7. Bxd2 Bxg7
8. Qc2 Nc6 9. Nf3 e5 10. Bd3 Bg4 11. Be4 Bxf3 12. Bxf3 Nd4 13. Qe4 O-O 14.
O-O-O Qf6 15. Bc3 Qa6 16. Kb1 Rab8 17. Be2 c5 18. Bd3 f5 19. Qd5+ Kh8 20. f3 b6
21. Bxd4 cxd4 22. g4 Rbd8 23. Qe6 Rde8 24. Qd5 e4 25. fxe4 fxe4 26. Bxe4 Re5
27. Qb7 Qxb7 28. Bxb7 Re2 29. Rde1 d3 30. Rxe2 dxe2 31. Bg2 Rf2 32. Bh3 Rxh2
33. Re1 Be5 34. Bf1 exf1=Q 35. Rxf1 Rxb2+ 36. Kc1 Rxa2 0-1

[Event "XXIX Festival Isola d'Elba A"]
[Site "Capoliveri ITA"]
[Date "2011.05.07"]
[Round "1"]
[White "Paleologu, Vladimir"]
[Black "De Giorgis, Georges"]
[Result "1-0"]
[WhiteElo "2152"]
[BlackElo "1758"]
[PlyCount "35"]
[EventDate "2011.05.07"]

1. e4 e5 2. Nf3 Nc6 3. Bc4 Be7 4. d4 exd4 5. c3 d6 6. Qb3 f6 7. Bxg8 Qd7 8.
Qf7+ Kd8 9. Qxg7 Rxg8 10. Qxg8+ Qe8 11. Qxh7 dxc3 12. Nxc3 Ne5 13. Nxe5 fxe5
14. Nd5 c6 15. Nxe7 Qxe7 16. Qg8+ Qe8 17. Bg5+ Kd7 18. Qh7+ 1-0

[Event "XXIX Festival Isola d'Elba A"]
[Site "Capoliveri ITA"]
[Date "2011.05.07"]
[Round "1"]
[White "De Zaiacomo, Tonino"]
[Black "Horton-Kitchlew, Andrew"]
[Result "1/2-1/2"]
[WhiteElo "1715"]
[BlackElo "2100"]
[PlyCount "115"]
[EventDate "2011.05.07"]

1. d4 d6 2. c4 g6 3. Nc3 Bg7 4. h3 c6 5. Nf3 Qc7 6. Bd2 e5 7. e3 Ne7 8. Rc1
exd4 9. exd4 Nf5 10. d5 O-O 11. Be2 Re8 12. O-O Qb6 13. Na4 Qa6 14. Re1 c5 15.
b4 b6 16. b5 Qb7 17. Bd3 Rf8 18. Bf4 Qc7 19. Qd2 a6 20. Nc3 Nd4 21. Nxd4 Bxd4
22. bxa6 Bxa6 23. Ne4 Rd8 24. Nxd6 Qd7 25. Re2 Qa4 26. Rce1 Nd7 27. Re7 Rf8 28.
Bh6 Nf6 29. Bxf8 Rxf8 30. Ne4 Bxc4 31. Bxc4 Qxc4 32. Nxf6+ Bxf6 33. Re8 Bd4 34.
d6 Qd5 35. Qf4 Rxe8 36. Rxe8+ Kg7 37. Re7 Bf6 38. Rd7 Qxa2 39. Qf3 Qe6 40. Rb7
Qxd6 41. Qb3 Be7 42. Rxb6 Qf4 43. Qc3+ Kg8 44. Rc6 Qf5 45. Rb6 f6 46. Rb8+ Kg7
47. Qc4 g5 48. g4 Qe5 49. Rg8+ Kh6 50. Qc1 Bd6 51. Qe3 Qh2+ 52. Kf1 Qh1+ 53.
Ke2 Qd5 54. Qe8 Qc4+ 55. Kf3 Qd5+ 56. Ke2 Qc4+ 57. Kf3 Qd5+ 58. Ke2 1/2-1/2

[Event "XXIX Festival Isola d'Elba A"]
[Site "Capoliveri ITA"]
[Date "2011.05.08"]
[Round "2"]
[White "Istratescu, Andrei"]
[Black "Dittmar, Peter"]
[Result "1-0"]
[WhiteElo "2623"]
[BlackElo "2307"]
[PlyCount "69"]
[EventDate "2011.05.07"]

1. e4 c5 2. Nf3 Nc6 3. Bb5 g6 4. Bxc6 bxc6 5. O-O Bg7 6. c3 Nh6 7. d4 Qb6 8.
Re1 f6 9. Nbd2 cxd4 10. cxd4 Nf7 11. e5 O-O 12. exf6 exf6 13. b3 Ba6 14. Nc4
Bxc4 15. bxc4 Rfe8 16. Be3 d5 17. c5 Qa6 18. Qc2 Bh6 19. Bxh6 Nxh6 20. Qd2 Nf7
21. Qf4 f5 22. Ne5 Nxe5 23. Rxe5 Qb7 24. Rae1 Qf7 25. h4 h5 26. a4 Rab8 27. a5
a6 28. Kh2 Kh7 29. f3 Qc7 30. Kg3 Rxe5 31. Rxe5 Kg7 32. Re6 Qxf4+ 33. Kxf4 Rb5
34. Rxc6 Rxa5 35. Ke5 1-0

[Event "XXIX Festival Isola d'Elba A"]
[Site "Capoliveri ITA"]
[Date "2011.05.08"]
[Round "2"]
[White "Friedrich, Norbert"]
[Black "Naumkin, Igor"]
[Result "1-0"]
[WhiteElo "2305"]
[BlackElo "2506"]
[PlyCount "145"]
[EventDate "2011.05.07"]

1. e4 e6 2. d4 d5 3. Nd2 Nc6 4. Ngf3 Nf6 5. e5 Nd7 6. Bd3 f6 7. exf6 Qxf6 8.
Nf1 e5 9. Ne3 Nxd4 10. Nxd4 exd4 11. Nxd5 Qe5+ 12. Qe2 Bd6 13. Bf4 Qxe2+ 14.
Bxe2 Bxf4 15. Nxf4 Nb6 16. O-O-O c5 17. Nd3 O-O 18. Nxc5 Rxf2 19. Bf3 Bf5 20.
Ne4 Bxe4 21. Bxe4 Rd8 22. b3 Rd7 23. Rhf1 Rxf1 24. Rxf1 g6 25. Kd2 Kg7 26. Kd3
Nc8 27. Rf4 g5 28. Rf5 h6 29. Rd5 Nd6 30. Rxd4 Kf6 31. Bf3 b6 32. c4 Ke7 33.
Rd5 Rc7 34. Bg4 Nf7 35. Kd4 Nd8 36. b4 Nc6+ 37. Kc3 a5 38. a3 axb4+ 39. axb4
Ra7 40. Kb3 Ra1 41. Rd7+ Kf8 42. Rd1 Ra7 43. Rd6 Ne5 44. Bh5 Ra3+ 45. Kxa3
Nxc4+ 46. Kb3 Nxd6 47. Kc3 Ke7 48. Kd4 Nf5+ 49. Ke5 Ne3 50. Bf3 Nc2 51. b5 Ne3
52. h3 h5 53. Ke4 Nc4 54. Kf5 Nd6+ 55. Kxg5 Nxb5 56. Kxh5 Nd4 57. Be4 Kf6 58.
Kh6 Ne6 59. h4 b5 60. g4 b4 61. g5+ Ke5 62. Bb1 b3 63. h5 b2 64. g6 Kf6 65. Kh7
Kg5 66. h6 Nf8+ 67. Kg7 Ne6+ 68. Kf7 Nd8+ 69. Ke8 Kxh6 70. Kxd8 Kg7 71. Ke7 Kh8
72. Kf6 Kg8 73. Ba2+ 1-0

[Event "XXIX Festival Isola d'Elba A"]
[Site "Capoliveri ITA"]
[Date "2011.05.08"]
[Round "2"]
[White "Laketic, Gojko"]
[Black "Schaefer, Michael"]
[Result "1-0"]
[WhiteElo "2442"]
[BlackElo "2248"]
[PlyCount "135"]
[EventDate "2011.05.07"]

1. d4 d5 2. c4 e6 3. Nc3 Nf6 4. cxd5 exd5 5. Bg5 c6 6. Qc2 Be7 7. e3 Nbd7 8.
Bd3 O-O 9. Nge2 Re8 10. f3 Nf8 11. Bh4 Be6 12. O-O Rc8 13. Rad1 c5 14. Bf2 a6
15. dxc5 Bxc5 16. Nd4 N8d7 17. Qb3 Qb6 18. Na4 Qxb3 19. axb3 Ba7 20. Rfe1 Ne5
21. Bb1 Nc6 22. Rc1 Nxd4 23. exd4 Rxc1 24. Rxc1 Rc8 25. Re1 Re8 26. Rc1 Rc8 27.
Rd1 Nd7 28. g4 h6 29. h3 g5 30. Kg2 Bb8 31. Bg3 Bxg3 32. Kxg3 Rc6 33. Bd3 Kg7
34. b4 Nf8 35. b5 axb5 36. Bxb5 Rc2 37. Bd3 Rc7 38. Nc3 Ng6 39. Bxg6 Kxg6 40.
f4 gxf4+ 41. Kxf4 f6 42. Re1 Kf7 43. Re2 Rc4 44. Rd2 Rc8 45. Nd1 Rc1 46. Ne3
Rh1 47. Kg3 Re1 48. Rd3 Rc1 49. Rb3 Rc7 50. Rb6 Ke7 51. Kf4 Kf7 52. h4 Bc8 53.
Rxf6+ Kxf6 54. Nxd5+ Ke6 55. Nxc7+ Kd6 56. Nb5+ Kd5 57. g5 hxg5+ 58. hxg5 Bd7
59. g6 Ke6 60. g7 Kf7 61. Nd6+ Kxg7 62. Nxb7 Kf6 63. Nc5 Bc6 64. b4 Bb5 65. d5
Bc4 66. Ne4+ Ke7 67. Ke5 Bb5 68. Kd4 1-0

[Event "XXIX Festival Isola d'Elba A"]
[Site "Capoliveri ITA"]
[Date "2011.05.08"]
[Round "2"]
[White "Evangelisti, Claudio R."]
[Black "Bellia, Fabrizio"]
[Result "1/2-1/2"]
[WhiteElo "2243"]
[BlackElo "2415"]
[PlyCount "101"]
[EventDate "2011.05.07"]

1. Nf3 d5 2. c4 e6 3. d4 Nf6 4. Nc3 Be7 5. Bf4 O-O 6. e3 c5 7. dxc5 Nc6 8. cxd5
exd5 9. Be2 Bxc5 10. O-O Be6 11. Rc1 Be7 12. Qa4 a6 13. Nd4 Rc8 14. Nxc6 Rxc6
15. Be5 Nd7 16. Bd4 b5 17. Qd1 b4 18. Na4 Qc7 19. b3 Rc8 20. Rxc6 Qxc6 21. Bd3
Bf6 22. Qa1 a5 23. h3 h6 24. Rd1 Bxd4 25. Qxd4 Nf6 26. Qe5 Qb7 27. Qd6 Qc7 28.
Qxc7 Rxc7 29. f3 g5 30. Kf2 Kf8 31. Ke2 Ke7 32. Kd2 Kd6 33. Rf1 Ke5 34. g4 Rc6
35. Nb2 Rc8 36. Ba6 Ra8 37. Nd3+ Kd6 38. Bb5 Rb8 39. Ba4 h5 40. Rc1 hxg4 41.
hxg4 Rh8 42. Rc6+ Ke7 43. Ne5 Rh2+ 44. Kd3 Rxa2 45. Ra6 Kf8 46. Kd4 Rd2+ 47.
Nd3 Rd1 48. Rxa5 Rf1 49. Ne5 Rd1+ 50. Nd3 Rf1 51. Ne5 1/2-1/2

[Event "XXIX Festival Isola d'Elba A"]
[Site "Capoliveri ITA"]
[Date "2011.05.08"]
[Round "2"]
[White "Gromovs, Sergejs"]
[Black "Paleologu, Vladimir"]
[Result "1/2-1/2"]
[WhiteElo "2311"]
[BlackElo "2152"]
[PlyCount "120"]
[EventDate "2011.05.07"]

1. d4 d6 2. Nf3 Bg4 3. c4 Nd7 4. Nc3 e6 5. h3 Bxf3 6. exf3 g6 7. Be3 Bg7 8. Qd2
c6 9. g4 h5 10. Be2 d5 11. O-O-O dxc4 12. Bxc4 Nb6 13. Bb3 Nd5 14. f4 Nge7 15.
Kb1 Qd7 16. Ne4 O-O-O 17. Rc1 hxg4 18. hxg4 Rxh1 19. Rxh1 Rh8 20. Rxh8+ Bxh8
21. Ng5 Qe8 22. Qa5 Kb8 23. Bxd5 exd5 24. Qb4 Nc8 25. Kc1 Bf6 26. Nf3 Qe4 27.
Nd2 Qh1+ 28. Kc2 Be7 29. Qc3 Qg2 30. f3 Bh4 31. f5 g5 32. Qa3 Qe2 33. Qd3 Qh2
34. f6 Nd6 35. b3 Kc7 36. Qf1 Bg3 37. Bxg5 Bf4 38. Bxf4 Qxf4 39. Qe1 Qxf6 40.
Qe5 Qg6+ 41. Kd1 Kd7 42. Ke2 f5 43. Qf4 fxg4 44. fxg4 Ke6 45. Qe3+ Kf7 46. Kf3
Nb5 47. Kg3 Qd6+ 48. Kh3 Qe6 49. Qxe6+ Kxe6 50. Nf3 Kf6 51. Kh4 Kg6 52. g5 Nc3
53. a4 Ne2 54. Kg4 a5 55. Kh4 Nc1 56. Nd2 Ne2 57. Nf3 Nc1 58. Nd2 Ne2 59. Nf3
Nc1 60. Nd2 Ne2 1/2-1/2

[Event "XXIX Festival Isola d'Elba A"]
[Site "Capoliveri ITA"]
[Date "2011.05.08"]
[Round "2"]
[White "Horton-Kitchlew, Andrew"]
[Black "Facchetti, Gianni"]
[Result "0-1"]
[WhiteElo "2100"]
[BlackElo "2098"]
[PlyCount "82"]
[EventDate "2011.05.07"]

1. e4 e5 2. f4 Nf6 3. Nf3 Nxe4 4. d3 Nc5 5. fxe5 d5 6. Be2 Be7 7. O-O O-O 8. h3
Nc6 9. d4 Ne4 10. Bf4 Be6 11. c3 f5 12. exf6 Rxf6 13. Ne5 Rxf4 14. Rxf4 Nxe5
15. dxe5 Bc5+ 16. Kh1 Qg5 17. Rf3 Qxe5 18. Nd2 Ng3+ 19. Rxg3 Qxg3 20. Nf3 Rf8
21. Bf1 c6 22. Qe1 Qxe1 23. Rxe1 Bxh3 24. b4 Bd6 25. c4 Bxb4 26. Rb1 a5 27.
cxd5 cxd5 28. a3 Bf5 29. Rd1 Bxa3 30. Rxd5 Bb4 31. Rb5 Be6 32. Bd3 g6 33. Ng5
Bc8 34. Nf3 Re8 35. Kg1 b6 36. Kf1 Bc5 37. Rb2 Be6 38. Ng5 Bd5 39. Rd2 Be3 40.
Re2 Rf8+ 41. Nf3 Bc5 0-1

[Event "XXIX Festival Isola d'Elba A"]
[Site "Capoliveri ITA"]
[Date "2011.05.08"]
[Round "2"]
[White "Arigoni, Bruno"]
[Black "De Zaiacomo, Tonino"]
[Result "1-0"]
[WhiteElo "2071"]
[BlackElo "1715"]
[PlyCount "79"]
[EventDate "2011.05.07"]

1. Nf3 d6 2. d4 Nf6 3. c4 e6 4. Nc3 Be7 5. Bg5 h6 6. Bd2 Nbd7 7. e4 e5 8. b4 a6
9. d5 c5 10. a3 b6 11. Bd3 O-O 12. O-O Nh7 13. h3 Bg5 14. Nxg5 Nxg5 15. Kh2 Nf6
16. Re1 Ne8 17. Qc2 Ra7 18. Re3 cxb4 19. axb4 Rc7 20. Qb1 Qf6 21. Qe1 Qf4+ 22.
Rg3 Qf6 23. Na4 Rb7 24. c5 dxc5 25. Bxa6 Rb8 26. Bxc8 Rxc8 27. bxc5 bxc5 28.
Rc1 Nd6 29. f3 Nb7 30. Rb1 Qa6 31. Nb6 Rc7 32. h4 Nh7 33. Bxh6 f5 34. d6 Nxd6
35. Nd5 Rcf7 36. Rb6 Qc4 37. Rxd6 fxe4 38. fxe4 Kh8 39. Bxg7+ Rxg7 40. Rxg7 1-0

[Event "XXIX Festival Isola d'Elba A"]
[Site "Capoliveri ITA"]
[Date "2011.05.08"]
[Round "2"]
[White "Kopischke, Maik"]
[Black "Guerrini, Donato"]
[Result "0-1"]
[WhiteElo "1890"]
[BlackElo "2011"]
[PlyCount "80"]
[EventDate "2011.05.07"]

1. d4 Nf6 2. Nf3 g6 3. Nc3 Bg7 4. e4 d6 5. Be3 O-O 6. Qd2 Ng4 7. Bg5 h6 8. Bh4
Nd7 9. h3 Ngf6 10. Be2 c5 11. dxc5 g5 12. Bg3 Nxc5 13. Qe3 Ne6 14. O-O Nh5 15.
Nxg5 Nxg3 16. Qxg3 hxg5 17. Nd5 Nd4 18. Bh5 e6 19. Ne3 f5 20. f4 g4 21. Rf2 e5
22. c3 exf4 23. Qxf4 Ne6 24. Qh2 g3 25. Qxg3 f4 26. Qf3 Ng5 27. Qd1 fxe3 28.
Rxf8+ Bxf8 29. h4 Nh7 30. Qd5+ Kh8 31. Rf1 Nf6 32. Qf7 Bg7 33. Bg6 e2 34. Re1
Bg4 35. h5 Qb6+ 36. Kh2 Rf8 37. Qe7 Qd8 38. Qxb7 Qb8 39. Qe7 d5+ 40. e5 Ng8 0-1

[Event "XXIX Festival Isola d'Elba A"]
[Site "Capoliveri ITA"]
[Date "2011.05.08"]
[Round "2"]
[White "Albanesi, Roberto"]
[Black "Fantana, Marin-Dumitru"]
[Result "1-0"]
[WhiteElo "1980"]
[BlackElo "1914"]
[PlyCount "106"]
[EventDate "2011.05.07"]

1. e4 c5 2. Nf3 d6 3. d4 cxd4 4. Nxd4 Nf6 5. Nc3 a6 6. Be3 e5 7. Nf3 Be7 8. Bc4
O-O 9. O-O Qc7 10. Bb3 b5 11. Nd5 Nxd5 12. Bxd5 Bb7 13. c3 Nd7 14. Bg5 Bxg5 15.
Nxg5 h6 16. Nh3 Bxd5 17. Qxd5 Nf6 18. Qd3 g5 19. f3 Kh7 20. Rad1 Rad8 21. Nf2
Qc5 22. Kh1 h5 23. Qd2 Rg8 24. Nh3 Kh6 25. Nxg5 Kg7 26. h4 Kf8 27. Qf2 Qc4 28.
Qa7 Qxa2 29. Ra1 Qc4 30. Rfd1 Rd7 31. Qxa6 Ke7 32. Qb6 Qe2 33. b4 Ne8 34. Re1
Qc2 35. Rac1 Qb2 36. Qe3 f6 37. Re2 Qb3 38. Nh3 Ng7 39. Rd2 Rc8 40. Qd3 Ne8 41.
Rdc2 Rc4 42. Ng1 Rxb4 43. Qd2 Ra4 44. Rb2 Qc4 45. Rcb1 Rb7 46. Ne2 Nc7 47. Ng3
Qe6 48. Nxh5 Qf7 49. g4 Rba7 50. Ng3 Ra2 51. Nf5+ Kf8 52. Qxd6+ Ke8 53. Rd1 Ra1
1-0

[Event "XXIX Festival Isola d'Elba A"]
[Site "Capoliveri ITA"]
[Date "2011.05.08"]
[Round "2"]
[White "De Giorgis, Georges"]
[Black "Ricci, Alfredo"]
[Result "1-0"]
[WhiteElo "1758"]
[BlackElo "1946"]
[PlyCount "89"]
[EventDate "2011.05.07"]

1. g4 e5 2. Bg2 h5 3. d4 hxg4 4. dxe5 Nc6 5. Bf4 d6 6. Bxc6+ bxc6 7. Nc3 Be6 8.
b3 Be7 9. Ne4 d5 10. Ng3 Nh6 11. e4 dxe4 12. c4 f5 13. exf6 Bxf6 14. Qxd8+ Rxd8
15. Rd1 Bf5 16. Rxd8+ Kxd8 17. Bxh6 Bg6 18. Be3 Kd7 19. N1e2 Kd6 20. Nf4 Bh7
21. O-O c5 22. Nfe2 Bg6 23. Rd1+ Kc6 24. Rd5 Be7 25. Nf4 Bh7 26. Nf5 Bxf5 27.
Rxf5 Bd6 28. Rg5 a5 29. Rxg4 a4 30. Rxg7 axb3 31. axb3 Rb8 32. Rg6 Rxb3 33. Re6
Rb8 34. Rxe4 Rh8 35. Kg2 Rg8+ 36. Kf3 Rh8 37. h3 Kd7 38. Kg2 Rf8 39. Kf3 Rh8
40. Kg4 Rg8+ 41. Kf5 Rh8 42. Kg6 Rh4 43. Kg5 Rh8 44. h4 Rg8+ 45. Ng6 1-0

[Event "XXIX Festival Isola d'Elba A"]
[Site "Capoliveri ITA"]
[Date "2011.05.08"]
[Round "2"]
[White "Blasco, Domenico"]
[Black "Simeone, Giulio"]
[Result "1-0"]
[WhiteElo "1939"]
[BlackElo "1869"]
[PlyCount "79"]
[EventDate "2011.05.07"]

1. d4 g6 2. Nf3 Bg7 3. e3 c5 4. Be2 d5 5. O-O Nf6 6. b3 cxd4 7. exd4 Nc6 8. Bb2
O-O 9. Nbd2 Bg4 10. h3 Bf5 11. a3 Ne4 12. b4 a6 13. Re1 Qc7 14. Rc1 Bh6 15. c4
Qd7 16. cxd5 Na7 17. Bc4 Nxd2 18. Nxd2 b5 19. Bb3 Bf4 20. Rc3 Rac8 21. Rf3 g5
22. Ne4 Bxe4 23. Rxe4 Rc7 24. g3 Bd6 25. Kg2 Nc8 26. Rfe3 Nb6 27. Qh5 Qf5 28.
h4 f6 29. Qe2 Kh8 30. Rf3 Qg6 31. hxg5 Qxg5 32. Rfe3 Nxd5 33. Bxd5 Qxd5 34. Qf3
Rc2 35. Re2 Rfc8 36. Kh2 Qg5 37. d5 Qxd5 38. Bxf6+ Kg8 39. Rg4+ Kf7 40. Qxd5+
1-0

[Event "XXIX Festival Isola d'Elba A"]
[Site "Capoliveri ITA"]
[Date "2011.05.09"]
[Round "3"]
[White "Laketic, Gojko"]
[Black "Istratescu, Andrei"]
[Result "1/2-1/2"]
[WhiteElo "2442"]
[BlackElo "2623"]
[PlyCount "69"]
[EventDate "2011.05.07"]

1. d4 Nf6 2. Nf3 e6 3. c4 Bb4+ 4. Nbd2 b6 5. e3 Bb7 6. Bd3 O-O 7. O-O d5 8. a3
Bd6 9. Qc2 Nbd7 10. e4 dxe4 11. Nxe4 h6 12. b4 Nxe4 13. Bxe4 Bxe4 14. Qxe4 Nf6
15. Qc2 c6 16. c5 Be7 17. cxb6 Qxb6 18. Ne5 Rfc8 19. Rd1 Nd5 20. Rd3 Bf6 21.
Nc4 Qd8 22. Rb1 Rab8 23. Rbb3 Rb5 24. Rd1 Ne7 25. Bb2 Nf5 26. Rbd3 Rd5 27. Ne3
Nxe3 28. fxe3 a5 29. Bc3 axb4 30. Bxb4 Be7 31. Rc3 Bxb4 32. axb4 Qb6 33. Rc1
Rd6 34. Qa4 Rb8 35. Rxc6 1/2-1/2

[Event "XXIX Festival Isola d'Elba A"]
[Site "Capoliveri ITA"]
[Date "2011.05.09"]
[Round "3"]
[White "Bellia, Fabrizio"]
[Black "Friedrich, Norbert"]
[Result "1-0"]
[WhiteElo "2415"]
[BlackElo "2305"]
[PlyCount "75"]
[EventDate "2011.05.07"]

1. e4 c5 2. Nf3 e6 3. d4 cxd4 4. Nxd4 Nc6 5. Nc3 Qc7 6. Be2 a6 7. O-O Nf6 8.
Be3 Be7 9. f4 d6 10. Qe1 O-O 11. Qg3 Nxd4 12. Bxd4 b5 13. e5 dxe5 14. fxe5 Nd7
15. Ne4 Bb7 16. Nd6 Bd5 17. Bf3 Bxf3 18. Rxf3 f5 19. Rc3 Qd8 20. Rc6 Bxd6 21.
exd6 Rf7 22. Re1 Nf8 23. Qc3 Qe8 24. Rc7 Nd7 25. Qe3 e5 26. Bxe5 Qxe5 27. Qxe5
Nxe5 28. Rxe5 Rd8 29. Rc6 Ra8 30. c3 g6 31. Kf2 Kg7 32. Ke3 Kf6 33. Kd4 Rd7 34.
Kd5 a5 35. Re6+ Kf7 36. Rc7 Rad8 37. Rxd7+ Rxd7 38. Re1 1-0

[Event "XXIX Festival Isola d'Elba A"]
[Site "Capoliveri ITA"]
[Date "2011.05.09"]
[Round "3"]
[White "Naumkin, Igor"]
[Black "Gromovs, Sergejs"]
[Result "1-0"]
[WhiteElo "2506"]
[BlackElo "2311"]
[PlyCount "83"]
[EventDate "2011.05.07"]

1. d4 Nf6 2. c4 g6 3. Nc3 Bg7 4. e4 O-O 5. Nf3 d6 6. Be2 Bg4 7. Be3 Nfd7 8. Rc1
Nc6 9. d5 Bxf3 10. Bxf3 Nce5 11. Be2 Nb6 12. b3 a5 13. O-O c5 14. f4 Ned7 15.
a4 Rb8 16. Kh1 Na8 17. Qd2 Nc7 18. Nd1 Na6 19. Nf2 Nb4 20. Ng4 f5 21. Nf2 Qe8
22. Bf3 b6 23. Rce1 Qf7 24. exf5 gxf5 25. Nh3 h6 26. g4 Kh8 27. g5 Rg8 28. Bf2
Nf8 29. Qe2 Ng6 30. Bh5 Bc3 31. Rc1 Bd4 32. Bxd4+ cxd4 33. Qb2 Qg7 34. Bxg6
Qxg6 35. Qxd4+ Qg7 36. Qe3 Qg6 37. Rce1 Rg7 38. Qc3 hxg5 39. Nxg5 Qf6 40. Qh3+
Kg8 41. Re6 Qd4 42. Rg6 1-0